Statistics for 5 Highest Inflation Countries by Continent

Click here to take the quiz!

General Stats

  • This quiz has been taken 50 times
  • The average score is 17 of 30

Answer Stats

Continent%Country% Correct
South America1,588%Venezuela
93%
South America102.5%Argentina
83%
South America10.06%Brazil
83%
Africa92.540%Zimbabwe
76%
North America16.166%Haiti
74%
North America5.373%Mexico
74%
Oceania5.100%Australia
71%
Oceania2.962%New Zealand
71%
South America54.388%Suriname
71%
North America7.806%Dominican Republic
69%
Asia39.59%Turkey
67%
Asia120%Iran
64%
South America7.515%Uruguay
60%
North America4.759%Guatemala
55%
Oceania3.630%Papua New Guinea
55%
North America5.605%Jamaica
48%
Africa194.60%Sudan
48%
Asia29.0%Pakistan
45%
Europe14%Slovakia
45%
Oceania5.413%Vanuatu
45%
Asia17.07%Yemen
43%
Europe17.8%Czech Republic
40%
Africa25.203%Ethiopia
40%
Oceania3.307%Kiribati
40%
Europe16.1%Poland
40%
Asia224.39%Lebanon
33%
Africa23%South Sudan
33%
Africa24.387%Angola
31%
Europe15.6%Lithuania
31%
Europe24.8%Estonia
29%

Score Distribution

Percentile by Number Answered

Percent of People with Each Score

Your Score History

You have not taken this quiz